000 00672nam a2200241Ia 4500
003 OSt
005 20260305113835.0
008 210210b1939 xxu||||| |||| 00| 0 eng d
040 _cAL
041 _aHindi
082 _a862/2
100 _aACHARYA (Nanabhai)
_dआचार्य (नानाभाई)
_9257752
245 _aMahabharat ke patra II
_bमहाभारत के पात्र २
260 _aDilli
_bSasta Sahity Mandal
_c1939
440 _aII
_9257753
650 _apatra
_9257754
650 _aMahabharat
_9257755
650 _ake
_9257756
650 _aII
_9257757
690 _aHindi Prose
_9257758
906 _a023249
942 _2ddc
_cBK
999 _c148184
_d148184